|
|
|
|
| LEADER |
00000nab a2200000 a 4500 |
| 001 |
vtls000908544 |
| 003 |
SK-MaSNL |
| 005 |
20260504071602.0 |
| 008 |
040720e20020219xo 0 slo |
| 035 |
|
|
|a KE17477
|
| 040 |
|
|
|a KEVKJB
|b slo
|c KEVKJB
|e AACR2
|
| 041 |
0 |
|
|a slo
|
| 044 |
|
|
|a xo
|c SK
|
| 080 |
|
|
|a 796.966
|2 1981
|
| 080 |
|
|
|a 929
|2 1981
|
| 100 |
1 |
|
|a Tóth, Tomáš
|4 aut
|9 822529
|
| 245 |
1 |
0 |
|a Abeceda štyridsiatnika Miroslava Ihnačáka
|b Kapitán HC Košice má kariéru nielen bohatú, ale aj dlhú
|
| 300 |
|
|
|b 2 obr.
|
| 590 |
|
|
|a Ihnačák, Miro (1962-,)
|b hokejista
|
| 600 |
1 |
7 |
|a Ihnačák, Miroslav,
|d 1962-
|2 KEVKJB
|9 131228
|
| 650 |
0 |
7 |
|a ľadový hokej
|2 KEVKJB
|9 3231
|
| 650 |
0 |
7 |
|a profily športové
|2 KEVKJB
|9 877939
|
| 651 |
|
7 |
|a Košice (Slovensko)
|2 KEVKJB
|9 18694
|
| 651 |
|
7 |
|a KE,
|2 KEVKJB
|9 877256
|
| 655 |
|
7 |
|a periodikum
|2 snkbucl
|9 29553
|
| 773 |
0 |
8 |
|t Košický večer
|g Roč. 13
|g Roč. 34, č.35, 19.2.2002, s. 15
|
| 852 |
|
|
|a ZVYKNI
|b KIS3GCP
|
| 999 |
|
|
|c 1399224
|d 1401154
|